Statistiche per Cinque comuni più grandi per regione #1

Clicka qui per fare il quiz!

Statistiche generali

  • Questo quiz è stato fatto 193 volte
    (191 dall'ultimo reset)
  • Il punteggio medio è 32 su 50

Statistiche sulle risposte

CountryCity% Corretto
CampaniaNapoli
92%
LazioRoma
90%
LiguriaGenova
89%
LombardiaMilano
89%
Emilia RomagnaBologna
87%
CampaniaSalerno
87%
Friuli Venezia GiuliaUdine
87%
BasilicataPotenza
86%
LombardiaBergamo
85%
LombardiaBrescia
85%
AbruzzoL'Aquila
85%
BasilicataMatera
85%
CalabriaReggio Calabria
85%
Friuli Venezia GiuliaTrieste
85%
MarcheAncona
83%
AbruzzoPescara
82%
LiguriaImperia
81%
LiguriaLa Spezia
81%
LiguriaSavona
81%
CalabriaCatanzaro
80%
LazioLatina
79%
Emilia RomagnaParma
79%
AbruzzoChieti
77%
Emilia RomagnaModena
77%
CalabriaCrotone
76%
CalabriaCosenza
75%
Friuli Venezia GiuliaPordenone
75%
Emilia RomagnaReggio Emilia
75%
Friuli Venezia GiuliaGorizia
74%
MarchePesaro
72%
LombardiaComo
71%
AbruzzoTeramo
71%
Emilia RomagnaRavenna
68%
LiguriaSanremo
53%
CampaniaGiugliano in Campania
50%
CampaniaTorre del Greco
46%
MarcheAscoli Piceno
42%
MarcheFano
38%
CalabriaLamezia Terme
38%
LazioFiumicino
37%
LombardiaBusto Arsizio
34%
MarcheSan Benedetto del Tronto
32%
BasilicataMelfi
31%
CampaniaPozzuoli
29%
LazioGuidonia Montecelio
28%
Friuli Venezia GiuliaMonfalcone
27%
Lazio Aprilia
26%
BasilicataPolicoro
21%
AbruzzoMontesilvano
17%
BasilicataPisticci
11%

Distribuzione punteggi

Percentile per numero di risposta

Percentuale di utenti per punteggio

I tuoi punteggi nel tempo

Non hai fatto questo quiz dall'ultimo reset